000 00777nam a22002537a 4500
001 BR7702968
003 BR-BrBNA
005 20230928085308.0
007 ta
008 230509b bl.||||| |||| 00| 0 por d
040 _aBR-BrBNA
_bpor
_cBiblioteca Nacional de Agricultura
041 _a(Por)
072 _aP05
_b8961
_b/G514
090 _ 8961 BR7702968
110 1 _aCamara dos Deputados, Brasilia, DF (Brasil). Comissao de Agricultura e Politica Rural
_91316
111 1 _aSimposio Nacional do Alcool
_cBrasilia, DF (Brazil)
_d15 Jun 1977
245 1 _aSimposio Nacional do Alcool [Brasil]
260 3 _aBrasilia, DF (Brasil):
_c1977.
300 _a133 p.
650 _aRecurso energetico
650 _aAlcool
909 _a202309
_bLucia
_c55
_dLucia Elande
942 _cBK
999 _c23719
_d23719